Sports Quiz

Random Sports or NFL Quiz

Pro Bowl Blockers For Smith & Sanders Quiz Stats

Quiz not verified by Sporcle

Challenge
Share
Tweet
Embed
Score 0/10 Timer 10:00
0 Plays Today
Back Player % Correct
SmithLarry Allen (RG, LT, LG)
79.2%
SmithNate Newton (LG)
62.5%
SmithErik Williams (RT)
61.7%
SmithDaryl Johnston (FB)
55.8%
SandersLomas Brown (LT)
51.7%
SmithMark Stepnoski (C)
48.3%
SmithJay Novacek (TE)
40.8%
SmithMark Tuinei (LT)
37.5%
SandersKevin Glover (C)
29.2%
SmithRay Donaldson (C)
21.7%

You're not logged in!

Compare scores with friends on all Sporcle quizzes.
Sign Up with Email
OR
Log In

You Might Also Like...

Show Comments

Extras

Top Quizzes Today


Score Distribution

Your Account Isn't Verified!

In order to create a playlist on Sporcle, you need to verify the email address you used during registration. Go to your Sporcle Settings to finish the process.